000 06485nam a22007697a 4500
001 B-266813-853
003 dpl
005 20080604092438.0
008 080604t xxu||||| |||| 00| 0 eng d
010 _aB-266813-853
020 _a8128608827
_c75.00
035 _aB-266813-853
040 _aDPL
082 _aS
100 _aSwift, Jonathan
245 _aBest loved tales of all time Gulliver's travels /
_cby Jonathan Swift
260 _aMumbai
_bEruo Books
_c(200?)
260 _bShree Book Centre (Dist6ributors)
270 _aDani Wooltex Compound, 158, Vidyanagari Marg, Kalina, Santacruz (E),
_bMumbai
_e400098
270 _a
_k022-24377516/24374559
300 _a42p.
_c24 cm (Hb)
_bcol. ill.
490 _aGreat classics
942 _2ddc
_cCH
_hS
_mSWI
999 _c13277
_d13277